El nitrato de sosa (Record no. 165829)

MARC details
000 -LEADER
campo de control de longitud fija 00874nam a2200181 i 4500
001 - NÚMERO DE CONTROL
campo de control 165829
003 - IDENTIFICADOR DE NÚMERO DE CONTROL
campo de control ES-MaACL
005 - FECHA Y HORA DE LA ÚLTIMA TRANSACCIÓN
campo de control 20230906213219.0
008 - DATOS DE LONGITUD FIJA--INFORMACIÓN GENERAL
campo de control de longitud fija 050907s1886 gw | |||||||| ||spa d
040 ## - FUENTE DE CATALOGACIÓN
Centro catalogador/agencia de origen CAM
Lengua de catalogación spa
Centro/agencia transcriptor CAM
100 1# - ENTRADA PRINCIPAL--NOMBRE DE PERSONA
Nombre de persona Stutzer, Albert.
9 (RLIN) 132934
245 13 - MENCIÓN DEL TÍTULO
Título El nitrato de sosa
Resto del título : su importancia y empleo como abono /
Mención de responsabilidad, etc. obra premiada por A. Stutzer; sobre la base de los trabajos del tribunal y tomando en cuenta la obra igualmente premiada en el concurso del profesor A. Damseaux en Gembloux editado por Paul Wagner; traducción autorizada, hecha directamente del alemán, por German Berg.
260 ## - PUBLICACIÓN, DISTRIBUCIÓN, ETC.
Lugar de publicación, distribución, etc. Darmstadt :
Nombre del editor, distribuidor, etc. [s.n.],
Fecha de publicación, distribución, etc. 1886 (
Fabricante Imprenta de C.F. Winter)
300 ## - DESCRIPCIÓN FÍSICA
Extensión VII, 112 p. ;
Dimensiones 20 cm.
650 #4 - PUNTO DE ACCESO ADICIONAL DE MATERIA--TÉRMINO DE MATERIA
Término de materia o nombre geográfico como elemento de entrada Nitrato de Chile.
9 (RLIN) 162501
700 1# - ENTRADA AGREGADA--NOMBRE PERSONAL
Nombre de persona Wagner, Paul.
9 (RLIN) 133854
852 ## - LOCALIZACIÓN
Ubicación ES-MaACL
Número de control de estantería T-472-F-1
Nota libre -- Enc. hol.
-- -- Enc. en un vol. facticio
Holdings
Estatus retirado Estado de pérdida Estado de daño No para préstamo Colección Biblioteca de origen Biblioteca actual Ubicación en estantería Fecha de adquisición Total de préstamos Signatura topográfica completa Código de barras Visto por última vez Precio de reemplazo Tipo de ítem Koha
        Colección de folletos Biblioteca del Ateneo de Madrid Biblioteca del Ateneo de Madrid Depósito folletos 17/01/2008   T-472-F-1 1173907 23/02/2023 23/02/2023 Folleto